000 00665nam a2200181Ia 4500
008 090630s9999 xx 000 0 und d
082 _b10397
100 _aटिळक लक्ष्मीबाई.
245 _aस्मृतीचित्रे.
_cटिळक लक्ष्मीबाई.
260 _bवरदा बुक्स पुणे.
_c1989
300 _a591
600 _aटिळक लक्ष्मीबाई.
630 _aस्मृतीचित्रे.
655 _aचरित्र.
700 _aटिळक लक्ष्मीबाई.
730 _aस्मृतीचित्रे.
942 _cBOOK
999 _c262253
_d262253